[Event "London Chess Classic FIDE Open"]
[Site "London ENG"]
[Date "2010.12.13"]
[Round "7"]
[White "Sreeves, Clement"]
[Black "Mollison, Jamie"]
[Result "1-0"]
[WhiteElo "2104"]
[BlackElo "1906"]
[WhiteFideId "2402564"]
[BlackFideId "2402300"]
[EventDate "2010.12.08"]

1. e4 e6 2. d4 d5 3. Nd2 dxe4 4. Nxe4 Nd7 5. Nf3 Ngf6 6. Bd3 Nxe4 7. Bxe4 Nf6 8.
Bd3 c5 9. dxc5 Qa5+ 10. c3 Qxc5 11. Qe2 Be7 12. Be3 Qc7 13. Bd4 a6 14. O-O-O Bd7
15. Ne5 Bc5 16. Kb1 Bxd4 17. cxd4 Qd6 18. g4 Bc6 19. Rhe1 Bd5 20. g5 Nd7 21. Be4
Nb6 22. Qh5 Bxe4+ 23. Rxe4 g6 24. Qf3 Rf8 25. Ng4 Nd5 26. Nf6+ Nxf6 27. Qxf6 Qe7
28. Qe5 Rd8 29. d5 Qd6 30. Qg7 Qe7 31. f4 Rd6 32. Qxh7 Qd7 33. Red4 Rxd5 34.
Rxd5 exd5 35. Qg7 Qe6 36. Qc3 Kd7 37. Qb4 Rb8 38. Re1 Qd6 39. Qa4+ Qc6 40. Qd4
Rc8 41. a3 Qd6 42. Re5 Rc5 43. h4 Rc4 44. Qd3 Rc5 45. h5 gxh5 46. Qf5+ Kc6 47.
Qxf7 Rc1+ 48. Kxc1 Qc5+ 49. Kb1 1-0

[Event "London Chess Classic FIDE Open"]
[Site "London ENG"]
[Date "2010.12.13"]
[Round "7"]
[White "Barton, R Alan"]
[Black "Jones, Steven"]
[Result "1/2-1/2"]
[WhiteElo "2103"]
[BlackElo "1801"]
[WhiteFideId "404233"]
[BlackFideId "419630"]
[EventDate "2010.12.08"]

1. Nf3 Nf6 2. c4 e6 3. b3 b6 4. g3 Bb7 5. Bg2 c5 6. O-O Be7 7. Bb2 O-O 8. d3 d5
9. Nbd2 Nc6 10. a3 Qc7 11. e3 dxc4 12. bxc4 Rad8 13. Qc2 Qb8 14. Rfd1 Qa8 15. e4
Nd7 16. Nf1 Bf6 17. Ne3 Bxb2 18. Qxb2 Qb8 19. Rd2 Qc7 20. Rad1 Ndb8 21. h4 Nd4
22. Nxd4 Rxd4 23. Nc2 Rd7 24. d4 cxd4 25. Rxd4 Rfd8 1/2-1/2

[Event "London Chess Classic FIDE Open"]
[Site "London ENG"]
[Date "2010.12.13"]
[Round "7"]
[White "McKerracher, Douglas"]
[Black "Warman, Simon M"]
[Result "1-0"]
[WhiteElo "1940"]
[BlackElo "2099"]
[WhiteFideId "2401002"]
[BlackFideId "408867"]
[EventDate "2010.12.08"]

1. e4 c5 2. Nc3 e6 3. g3 d5 4. exd5 exd5 5. Bg2 Nf6 6. d3 Nc6 7. Nge2 Be7 8. O-O
d4 9. Ne4 Nxe4 10. dxe4 h5 11. h3 h4 12. g4 g5 13. f4 f6 14. a3 Be6 15. Bd2 Qb6
16. Kh1 Qxb2 17. Rb1 Qxa3 18. Rxb7 Qa6 19. Rb1 Bc4 20. Re1 Bxe2 21. Rxe2 d3 22.
cxd3 Nd4 23. Re1 Qxd3 24. Qa4+ Kf8 25. e5 Nf3 26. exf6 Bxf6 27. Qc6 Nxe1 28.
Qxf6+ Kg8 29. Qxg5+ Kf8 30. Qxc5+ Kg8 31. Bd5+ Kh7 32. Qe7+ Kh6 33. Qg5+ 1-0

[Event "London Chess Classic FIDE Open"]
[Site "London ENG"]
[Date "2010.12.13"]
[Round "7"]
[White "McKenna, Jason P"]
[Black "Lappas, Konstantinos"]
[Result "1/2-1/2"]
[WhiteElo "2081"]
[BlackElo "1858"]
[WhiteFideId "403857"]
[BlackFideId "4275748"]
[EventDate "2010.12.08"]

1. e4 c5 2. Nf3 d6 3. d4 cxd4 4. Nxd4 Nf6 5. Nc3 a6 6. g3 e5 7. Nde2 Be7 8. Bg2
O-O 9. O-O Nbd7 10. a4 Qc7 11. h3 b6 12. g4 Bb7 13. Ng3 g6 14. Bh6 Rfc8 15. Qd2
b5 16. axb5 axb5 17. Rxa8 Bxa8 18. Nxb5 Qxc2 19. Rc1 Qxc1+ 20. Qxc1 Rxc1+ 21.
Bxc1 Nc5 22. Bg5 Kg7 23. Nc7 Bc6 24. b4 Ne6 25. Bxf6+ Bxf6 26. Nd5 Bd8 27. Ne2
Bxd5 28. exd5 Nd4 29. Nxd4 exd4 30. f4 Bb6 31. Kf1 Kf6 32. Ke2 Ke7 33. Kd3 f6
34. Be4 Ba7 35. Kc4 d3 36. Bxd3 Kd7 37. h4 Be3 38. f5 g5 39. hxg5 Bxg5 40. Bc2
h6 41. Ba4+ Kc7 42. Be8 1/2-1/2

[Event "London Chess Classic FIDE Open"]
[Site "London ENG"]
[Date "2010.12.13"]
[Round "7"]
[White "Lasinskas, Povilas"]
[Black "Marshall, Michael"]
[Result "1-0"]
[WhiteTitle "FM"]
[WhiteElo "2162"]
[BlackElo "1878"]
[WhiteFideId "12800503"]
[BlackFideId "1409956"]
[EventDate "2010.12.08"]

1. d4 Nf6 2. c4 e6 3. Nc3 Bb4 4. Qc2 Nc6 5. Nf3 O-O 6. h3 d6 7. Bg5 h6 8. Bh4
Re8 9. e3 Bxc3+ 10. bxc3 g5 11. Bg3 e5 12. Rd1 Qe7 13. Be2 e4 14. Nd2 Bf5 15. h4
Nh5 16. Bxh5 Qf6 17. Rb1 Rab8 18. Nb3 Nd8 19. d5 g4 20. Nd4 Kh7 21. O-O Rg8 22.
Nb5 Qe7 23. c5 dxc5 24. d6 1-0

[Event "London Chess Classic FIDE Open"]
[Site "London ENG"]
[Date "2010.12.13"]
[Round "7"]
[White "Harari, Zaki"]
[Black "Crichton, Martin"]
[Result "1/2-1/2"]
[WhiteElo "2197"]
[BlackElo "1978"]
[WhiteFideId "2002639"]
[BlackFideId "2500973"]
[EventDate "2010.12.08"]

1. d4 Nf6 2. c4 c5 3. d5 b5 4. cxb5 a6 5. bxa6 Bxa6 6. Nc3 d6 7. Nf3 g6 8. g3
Bg7 9. Bg2 Nbd7 10. Rb1 Qa5 11. Bd2 O-O 12. O-O Rfb8 13. Re1 Ng4 14. Qc2 Nge5
15. Nxe5 Nxe5 16. b3 Rb7 17. a4 Qc7 18. h3 Qb8 19. Ne4 Qd8 20. Bc3 Rab8 21. Nd2
Qc7 22. f4 Nd7 23. Bxg7 Kxg7 24. e3 Rb4 25. Bf1 Bxf1 26. Kxf1 Nb6 27. e4 Ra8 28.
Ra1 Ra5 29. Rac1 Qd7 30. Kg2 Kg8 31. Re3 Ra8 32. Ra1 Ra5 33. Rc3 e6 34. Nc4 Nxc4
35. Rxc4 Rb8 36. Qc3 Ra6 37. Rd1 exd5 38. Rxd5 Qb7 1/2-1/2

[Event "London Chess Classic FIDE Open"]
[Site "London ENG"]
[Date "2010.12.13"]
[Round "7"]
[White "Costello, Colin A"]
[Black "Gavriel, Tryfon C"]
[Result "1/2-1/2"]
[WhiteElo "1977"]
[BlackElo "2170"]
[WhiteFideId "403580"]
[BlackFideId "403105"]
[EventDate "2010.12.08"]

1. c4 f5 2. Nf3 Nf6 3. Nc3 g6 4. g3 Bg7 5. Bg2 O-O 6. O-O d6 7. Rb1 e5 8. d3 a5
9. a3 Nc6 10. b4 axb4 11. axb4 h6 12. b5 Ne7 13. Bb2 Rb8 14. Qb3 Be6 15. Ra1 f4
16. Ra7 Nf5 17. Nd5 c6 18. Nxf6+ Bxf6 19. Qa3 fxg3 20. hxg3 cxb5 21. c5 Be7 22.
Qa1 dxc5 23. Nxe5 Nd4 1/2-1/2

[Event "London Chess Classic FIDE Open"]
[Site "London ENG"]
[Date "2010.12.13"]
[Round "7"]
[White "Szalontay, Mihaly"]
[Black "Valenti, Richard"]
[Result "1/2-1/2"]
[WhiteElo "1977"]
[BlackElo "2124"]
[WhiteFideId "746967"]
[BlackFideId "602752"]
[EventDate "2010.12.08"]

1. e4 d6 2. d4 Nf6 3. Nc3 g6 4. Be3 c6 5. Bd3 Nbd7 6. Nf3 e5 7. Qd2 Qe7 8. O-O-O
Bg7 9. h3 O-O 10. Bh6 Re8 11. Bxg7 Kxg7 12. g4 b5 13. Rdg1 exd4 14. Nxd4 b4 15.
g5 bxc3 16. Qxc3 Qe5 17. gxf6+ Nxf6 18. Nf5+ Bxf5 19. Qxe5 Rxe5 20. exf5 Ne4 21.
f4 Ree8 22. Rh2 Nc5 23. Be2 Kf6 24. fxg6 hxg6 25. Bg4 Re4 26. Rd1 d5 27. Rf2
Rae8 28. f5 g5 29. b3 a5 30. Rf3 Re3 31. c4 Rxf3 32. Bxf3 Re3 33. Bg4 1/2-1/2

[Event "London Chess Classic FIDE Open"]
[Site "London ENG"]
[Date "2010.12.13"]
[Round "7"]
[White "Wernet, Andreas"]
[Black "Millward, Richard"]
[Result "1/2-1/2"]
[WhiteElo "1978"]
[BlackElo "2107"]
[WhiteFideId "24677787"]
[BlackFideId "405698"]
[EventDate "2010.12.08"]

1. e4 c5 2. Nf3 Nc6 3. d4 cxd4 4. Nxd4 e5 5. Nb5 a6 6. Nd6+ Bxd6 7. Qxd6 Qf6 8.
Qxf6 Nxf6 9. f3 Nb4 10. Na3 d5 11. c3 Nc6 12. Bg5 dxe4 13. Bxf6 gxf6 14. fxe4 f5
15. exf5 Bxf5 16. O-O-O Rd8 17. Be2 Ke7 18. Nc4 Be6 19. b3 Bxc4 20. Bxc4 Rxd1+
21. Rxd1 Rd8 22. Bd5 f5 23. a3 Kf6 24. b4 e4 25. g3 Rd7 26. Bb3 Rxd1+ 27. Kxd1
Ke5 28. Ke2 Ne7 29. c4 Kd4 30. c5 Nd5 31. Kd2 h5 32. Bd1 h4 33. Be2 hxg3 34.
hxg3 Nc3 35. c6 e3+ 36. Ke1 bxc6 37. Bxa6 Ne4 38. Bb7 Nxg3 39. Bxc6 Kc4 40. b5
Kc5 41. a4 Kb6 42. Bf3 f4 43. Bc6 Nf5 44. Bf3 Nd4 45. Bh5 Ka5 46. Bd1 Kb6 47.
Kf1 Kc5 48. Ke1 Kd5 49. b6 Kc6 50. a5 Kb7 51. Kf1 Kc6 52. Ke1 Kd6 53. a6 Kc6 54.
a7 Kb7 55. Kf1 1/2-1/2

[Event "London Chess Classic FIDE Open"]
[Site "London ENG"]
[Date "2010.12.13"]
[Round "7"]
[White "Milnes, Anthony C P"]
[Black "Haria, Ravi"]
[Result "1-0"]
[WhiteElo "2080"]
[BlackElo "1952"]
[WhiteFideId "409634"]
[BlackFideId "415820"]
[EventDate "2010.12.08"]

1. f4 d5 2. Nf3 Nf6 3. e3 g6 4. Be2 Bg7 5. O-O O-O 6. d3 c5 7. Nc3 Nc6 8. Ne5
Qc7 9. Nxc6 bxc6 10. Bf3 Rb8 11. e4 d4 12. Na4 Nd7 13. b3 Ba6 14. e5 Bb5 15. Nb2
e6 16. Qe1 Rbe8 17. Qe4 f5 18. Qe1 Nb6 19. Qa5 Nd5 20. Qxc7 Nxc7 21. a4 Ba6 22.
Bxc6 Rd8 23. Bd2 Nd5 24. Ba5 Nb6 25. Nc4 Bxc4 26. bxc4 Rf7 27. Bxb6 axb6 28.
Rab1 g5 29. g3 gxf4 30. gxf4 Rc7 31. Rxb6 Kf7 32. a5 Rdc8 33. Bg2 Ra7 34. Rb7+
Rc7 35. Rfb1 Re7 36. Rxa7 1-0

[Event "London Chess Classic FIDE Open"]
[Site "London ENG"]
[Date "2010.12.13"]
[Round "7"]
[White "Yurenok, Maria S"]
[Black "Green, Conrad Eliot"]
[Result "1-0"]
[WhiteTitle "WFM"]
[WhiteElo "2071"]
[BlackElo "1942"]
[WhiteFideId "409359"]
[BlackFideId "420379"]
[EventDate "2010.12.08"]

1. d4 d5 2. c4 e6 3. Nc3 Nf6 4. cxd5 exd5 5. Bg5 Be7 6. e3 O-O 7. Bd3 h6 8. Bh4
b6 9. Nf3 Bb7 10. O-O Nbd7 11. Rc1 Rc8 12. Qa4 a5 13. Bf5 c6 14. Ne5 Rc7 15. Bg3
Nxe5 16. Bxe5 Bd6 17. Qc2 Ba6 18. Rfd1 Re8 19. Bxd6 Qxd6 20. Rd2 Qe7 21. Qd1 Kh8
22. Rdc2 g6 23. Bh3 Qd6 24. Na4 Rb8 25. b3 Bc8 26. Bxc8 Rcxc8 27. Qf3 Kg7 28.
Qg3 Qd7 29. h3 Kh7 30. Qf4 Kg7 31. Qe5 Rb7 32. Qf4 Ng8 33. Qe5+ f6 34. Qf4 Ne7
35. Kh1 Qe6 36. Kg1 g5 37. Qg3 Qd7 38. Kh1 Qe6 39. Kg1 Ng6 40. Rc3 Nf8 41. Qg4
Qxg4 42. hxg4 b5 43. Nc5 Rb6 44. Kf1 Kf7 45. Ke2 Ne6 46. Rh1 Rh8 47. Kd3 Nxc5+
48. Rxc5 Kg6 49. Rhc1 Rc8 50. Rxd5 Rb7 51. Rdc5 Rbc7 52. a3 Kf7 53. e4 Ke7 54.
d5 Kd6 55. Kd4 Kd7 56. Rxc6 Rxc6 57. Rxc6 Rxc6 58. dxc6+ Kxc6 59. b4 axb4 60.
axb4 Kd6 61. f3 Ke6 62. Kc5 Ke5 63. g3 f5 64. exf5 h5 65. gxh5 Kxf5 66. Kxb5 Ke5
67. Kc5 Kf5 1-0

[Event "London Chess Classic FIDE Open"]
[Site "London ENG"]
[Date "2010.12.13"]
[Round "7"]
[White "Kane, Robert"]
[Black "Bass, John W"]
[Result "0-1"]
[WhiteElo "1875"]
[BlackElo "2064"]
[WhiteFideId "420468"]
[BlackFideId "407925"]
[EventDate "2010.12.08"]

1. Nf3 Nf6 2. g3 b5 3. Bg2 Bb7 4. O-O e6 5. c3 c5 6. a4 b4 7. d4 cxd4 8. Nxd4
Bxg2 9. Kxg2 Qb6 10. f3 Nc6 11. Nxc6 Qxc6 12. e4 Be7 13. cxb4 Bxb4 14. Bd2 Rb8
15. Qc1 Qb7 16. Bxb4 Qxb4 17. Rf2 O-O 18. Rc2 d5 19. exd5 Nxd5 20. Nc3 Nxc3 21.
Rxc3 Qxb2+ 22. Qxb2 Rxb2+ 23. Kg1 Rb7 24. Rac1 Rb4 25. Rc4 a5 26. h4 g6 27. Rxb4
axb4 28. Rb1 Rb8 29. a5 Ra8 30. Rxb4 Rxa5 31. Kg2 Kg7 32. Re4 h6 33. g4 Kf6 34.
Rb4 Ra7 35. Rb5 g5 36. h5 Rd7 37. Kf2 Rd4 38. Ke3 Rf4 39. Ra5 e5 40. Ra6+ Kg7
41. Ra5 e4 42. Rf5 Rxf5 43. gxf5 exf3 44. Kxf3 Kf6 45. Ke4 g4 46. Kf4 g3 0-1

[Event "London Chess Classic FIDE Open"]
[Site "London ENG"]
[Date "2010.12.13"]
[Round "7"]
[White "McKenna, John R"]
[Black "Paez, David"]
[Result "0-1"]
[WhiteElo "1669"]
[BlackElo "2035"]
[WhiteFideId "406180"]
[BlackFideId "4405196"]
[EventDate "2010.12.08"]

1. d4 d5 2. Nf3 Nf6 3. Bf4 e6 4. e3 Bd6 5. Ne5 Bxe5 6. Bxe5 Nbd7 7. Bg3 O-O 8.
Bd3 Re8 9. O-O e5 10. dxe5 Nxe5 11. Nc3 Bg4 12. Be2 Bxe2 13. Nxe2 c6 14. Qd4 Qe7
15. Bh4 Ned7 16. Bxf6 Nxf6 17. c4 c5 18. Qd3 d4 19. Rad1 dxe3 20. Qxe3 Qxe3 21.
fxe3 Rxe3 22. Nc3 Rae8 23. Nd5 Nxd5 24. Rxd5 b6 25. Rd7 R3e7 26. Rfd1 f6 27. a3
Kf7 28. b4 Rxd7 29. Rxd7+ Re7 30. Rd5 Rc7 31. bxc5 Rxc5 32. Rd7+ Kg6 33. Rxa7
Rxc4 34. Rb7 Rc1+ 35. Kf2 Rb1 36. a4 Rb4 37. Kf3 h5 38. Ra7 Kh6 39. a5 bxa5 40.
Rxa5 g5 41. h3 Kg6 42. Rc5 Rb3+ 43. Kf2 Rb2+ 44. Kf3 Rb1 45. Rd5 Rf1+ 46. Kg3
h4+ 47. Kh2 Rf5 48. Rd7 Re5 49. Rd3 Kf5 50. Rf3+ Ke6 51. Rd3 Re1 52. Rd8 Kf5 53.
Rd6 Re6 54. Rd4 Re4 55. Rd3 Ke5 56. Ra3 f5 57. Ra5+ Kf4 58. Ra3 g4 59. hxg4 fxg4
60. g3+ hxg3+ 61. Rxg3 Re2+ 62. Rg2 Re3 63. Rf2+ Rf3 64. Kg2 Ke3 65. Ra2 Kf4 66.
Rf2 Ke3 67. Ra2 Ke4 68. Ra4+ Kf5 69. Ra5+ Kf4 70. Ra4+ Kg5 71. Ra8 Rf6 72. Kg3
Rf3+ 73. Kg2 Rf7 74. Ra5+ Kh4 75. Ra3 Rb7 76. Ra2 Rb4 77. Rc2 Ra4 78. Rd2 Ra3
79. Rd8 Ra2+ 80. Kg1 Kh3 81. Rd7 Ra1+ 82. Kf2 g3+ 83. Kf3 Ra3+ 84. Kf4 Kh2 85.
Rh7+ Kg2 86. Rg7 Rf3+ 0-1

[Event "London Chess Classic FIDE Open"]
[Site "London ENG"]
[Date "2010.12.13"]
[Round "7"]
[White "Heaton, Paul"]
[Black "Burnham, Frank"]
[Result "1-0"]
[WhiteElo "2029"]
[BlackElo "1750"]
[WhiteFideId "411116"]
[BlackFideId "419516"]
[EventDate "2010.12.08"]

1. c4 e5 2. g3 f5 3. Nf3 d6 4. d3 Nf6 5. Bg2 Be7 6. Nc3 c6 7. Rb1 O-O 8. b4 Na6
9. a4 Nc7 10. b5 Ne6 11. Ng5 Qe8 12. bxc6 bxc6 13. a5 Nc7 14. Qa4 d5 15. cxd5
cxd5 16. Qb3 Qd7 17. e4 fxe4 18. dxe4 Rd8 19. exd5 Nfxd5 20. Nxd5 Nxd5 21. O-O
Ba6 22. Rd1 Rab8 23. Bxd5+ Kh8 24. Nf7+ Kg8 25. Nxd8+ 1-0

[Event "London Chess Classic FIDE Open"]
[Site "London ENG"]
[Date "2010.12.13"]
[Round "7"]
[White "Malhotra, Tarun"]
[Black "Segura Del Frago, Imanol"]
[Result "1-0"]
[WhiteElo "1913"]
[BlackElo "2042"]
[WhiteFideId "5020549"]
[BlackFideId "22244859"]
[EventDate "2010.12.08"]

1. e4 c5 2. Nf3 e6 3. d4 cxd4 4. Nxd4 Nf6 5. Bd3 Nc6 6. Nb3 d5 7. exd5 exd5 8.
O-O Bd6 9. Bg5 Be6 10. Re1 Qc7 11. h3 O-O-O 12. Nc3 a6 13. a4 h6 14. Bd2 g5 15.
a5 g4 16. h4 g3 17. f3 Nh5 18. Na4 Qe7 19. Nb6+ Kb8 20. Ra4 Qf6 21. Qe2 d4 22.
Qe4 Nf4 23. Nxd4 Nxd4 24. Qxd4 Qxd4+ 25. Rxd4 Ng6 26. Rxd6 Rxd6 27. h5 Rxd3 28.
cxd3 Ne7 29. Bf4+ Ka7 30. Bxg3 Rd8 31. Bh4 Re8 32. Bxe7 Rxe7 33. Nc8+ 1-0

[Event "London Chess Classic FIDE Open"]
[Site "London ENG"]
[Date "2010.12.13"]
[Round "7"]
[White "Staneland, Peter E"]
[Black "Millward, Kevin P"]
[Result "0-1"]
[WhiteElo "1787"]
[BlackElo "1954"]
[WhiteFideId "416576"]
[BlackFideId "404721"]
[EventDate "2010.12.08"]

1. Nf3 b6 2. Nc3 Bb7 3. e4 e6 4. Be2 c5 5. O-O Nf6 6. d3 h6 7. h3 g5 8. e5 Nd5
9. Ne4 Be7 10. c4 Nb4 11. Nh2 N8c6 12. Ng4 Qc7 13. Ngf6+ Bxf6 14. Nxf6+ Ke7 15.
f4 Nd4 16. Bh5 gxf4 17. Bxf4 Raf8 18. Qe1 Kd8 19. Ne4 Nf5 20. Qd2 Nc6 21. Nd6
Rh7 22. Bxh6 Nxh6 23. Qg5+ Ne7 24. Bg6 Rg8 25. Rf6 Qc6 26. Raf1 Kc7 27. R6f3
Nxg6 28. Rg3 Nf5 29. Rg4 Nxd6 30. exd6+ Qxd6 31. h4 Ne7 0-1

[Event "London Chess Classic FIDE Open"]
[Site "London ENG"]
[Date "2010.12.13"]
[Round "7"]
[White "Caorlin, Marco"]
[Black "Bratteteig, Tore-Inge"]
[Result "1-0"]
[WhiteElo "1849"]
[BlackElo "1656"]
[WhiteFideId "1317849"]
[BlackFideId "1510711"]
[EventDate "2010.12.08"]

1. e4 e6 2. Nf3 d5 3. Nc3 dxe4 4. Nxe4 Nd7 5. d4 Ngf6 6. Bd3 Be7 7. Be3 O-O 8.
Qe2 Nxe4 9. Bxe4 Nf6 10. Bd3 b6 11. O-O-O Bb7 12. Rhg1 Qc8 13. g4 c5 14. g5 Ne4
15. Ne5 cxd4 16. Bxd4 f5 17. gxf6 Nxf6 18. Rxg7+ Kxg7 19. Rg1+ Kh8 20. Qh5 Be4
21. Bxe4 Nxe4 22. Nf7# 1-0

[Event "London Chess Classic FIDE Open"]
[Site "London ENG"]
[Date "2010.12.13"]
[Round "7"]
[White "Vachtfeidl, Petr"]
[Black "Kumar, Shankar"]
[Result "1-0"]
[WhiteElo "2038"]
[BlackElo "1795"]
[WhiteFideId "315028"]
[BlackFideId "15600149"]
[EventDate "2010.12.08"]

1. e4 c6 2. d4 d5 3. exd5 cxd5 4. c3 Nc6 5. Nf3 Bg4 6. Qb3 Qd7 7. Ne5 Nxe5 8.
dxe5 a6 9. Na3 e6 10. Nb5 Bc5 11. Be3 Be7 12. Bd3 Nh6 13. Bxh6 gxh6 14. Qa4 Rc8
15. Qxg4 axb5 16. Qg7 Rf8 17. O-O f6 18. exf6 Rxf6 19. Rae1 Kd8 20. Re3 Kc7 21.
Bxb5 Qd8 22. Rfe1 Qd6 23. Qg3 Rcf8 24. Rxe6 Qxg3 25. Rxe7+ Kb6 26. hxg3 Kxb5 27.
Rxb7+ Kc6 28. Rxh7 Rxf2 29. Re6+ Kb5 30. Rhxh6 Rd2 31. b3 1-0

[Event "London Chess Classic FIDE Open"]
[Site "London ENG"]
[Date "2010.12.13"]
[Round "7"]
[White "Miu, Marinel"]
[Black "Cork, David J"]
[Result "1/2-1/2"]
[WhiteElo "1582"]
[BlackElo "1841"]
[WhiteFideId "1220691"]
[BlackFideId "409723"]
[EventDate "2010.12.08"]

1. Nf3 Nf6 2. b3 g6 3. Bb2 Bg7 4. g3 O-O 5. Bg2 d6 6. d3 c6 7. O-O Bg4 8. Nbd2
Qd7 9. c4 Bh3 10. Qc2 Bxg2 11. Kxg2 Na6 12. a3 Qg4 13. h3 Qd7 14. b4 Rac8 15.
Rac1 Qe6 16. Rfe1 b5 17. Qb1 Qd7 18. cxb5 cxb5 19. Nb3 Nd5 20. Bxg7 Kxg7 21.
Qb2+ Kg8 22. Na5 Qe6 23. Ng5 Qf5 24. Nf3 Nb6 25. Qd2 Qd5 26. e4 Qe6 27. Qh6 Qf6
28. Nc6 Rc7 29. e5 dxe5 30. Ncxe5 Rfc8 31. Rxc7 Rxc7 32. Ng5 Qg7 33. Nexf7 Rd7
34. Qxg7+ Kxg7 35. Ne5 Rd5 36. Ngf3 Nd7 37. Nxd7 Rxd7 38. Re3 Nb8 39. Ng5 Nc6
40. Ne6+ Kg8 41. Rf3 h5 42. Rf8+ Kh7 43. Rc8 Rd6 44. Nc5 Kg7 45. Rc7 Kf7 46. d4
Nxd4 47. Rxa7 Nc2 48. Ne4 Rd3 49. Ra5 Nxa3 50. Nc5 Rc3 51. h4 Nc2 52. Rxb5 Nxb4
53. Ne4 Rc4 54. Ng5+ Kf6 55. Rb6+ Nc6 56. Nh3 Kf7 57. Ng5+ Kf6 58. Kf3 Kf5 59.
Rb5+ e5 60. Rb7 e4+ 61. Ke3 Rc3+ 62. Kd2 Rd3+ 63. Ke1 Ne5 64. Rb5 Rd7 65. f4
exf3 66. Nxf3 Re7 67. Kf2 Kf6 68. Rb6+ Kg7 69. Nxe5 Rxe5 1/2-1/2

[Event "London Chess Classic FIDE Open"]
[Site "London ENG"]
[Date "2010.12.13"]
[Round "7"]
[White "Bishop, Geoffrey L"]
[Black "Siddiqui, Nida Mishraz"]
[Result "1-0"]
[WhiteElo "1800"]
[BlackElo "1791"]
[WhiteFideId "417491"]
[BlackFideId "7800495"]
[EventDate "2010.12.08"]

1. e4 e5 2. Nf3 Nc6 3. Bb5 a6 4. Ba4 Nf6 5. O-O Be7 6. Bxc6 dxc6 7. Nxe5 Qd4 8.
Nf3 Qxe4 9. Nc3 Qg6 10. Ne2 Bd6 11. d4 Bh3 12. Ng3 Bxg3 13. fxg3 Bg4 14. Qe1+
Kf8 15. Qb4+ Kg8 16. Qxb7 Re8 17. Ne5 Qe4 18. c3 h6 19. Qxc7 Kh7 20. Bxh6 Nd7
21. Nxf7 gxh6 22. Ne5 Rxe5 23. dxe5 Qxe5 24. Rf7+ Kg8 25. Rxd7 Qxc7 26. Rxc7 Be2
27. Rxc6 Bb5 28. Rc8+ Kg7 29. Rxh8 Kxh8 30. Rd1 Kg7 31. b3 1-0

[Event "London Chess Classic FIDE Open"]
[Site "London ENG"]
[Date "2010.12.14"]
[Round "8"]
[White "Jones, Gawain C B"]
[Black "Avrukh, Boris"]
[Result "1-0"]
[WhiteTitle "GM"]
[BlackTitle "GM"]
[WhiteElo "2575"]
[BlackElo "2625"]
[WhiteFideId "409561"]
[BlackFideId "2803895"]
[EventDate "2010.12.08"]

1. e4 e5 2. Nf3 Nc6 3. d4 exd4 4. Nxd4 Bc5 5. Nxc6 bxc6 6. Nc3 d6 7. Na4 Bb6 8.
Nxb6 axb6 9. Bd3 Ne7 10. Bg5 f6 11. Bd2 O-O 12. Qe2 Be6 13. O-O Qd7 14. f4 Rae8
15. f5 Bf7 16. g4 d5 17. e5 fxe5 18. Qxe5 c5 19. Qg3 c4 20. Be2 Nc6 21. Rae1 Qe7
22. Bf4 Qc5+ 23. Kg2 d4 24. Bf3 Nb4 25. c3 Nd3 26. Rxe8 Rxe8 27. Bxc7 Bd5 28.
Kh3 Bxf3 29. Rxf3 Ne1 30. cxd4 Qxd4 31. Rf4 Qc5 32. f6 gxf6 33. Rf5 Qd4 34. Bf4
Nd3 35. Bh6 Kf7 36. Bd2 Qxb2 37. Qc7+ Kg6 38. Rh5 Nf2+ 39. Kh4 1-0

[Event "London Chess Classic FIDE Open"]
[Site "London ENG"]
[Date "2010.12.14"]
[Round "8"]
[White "Summerscale, Aaron P"]
[Black "Hebden, Mark L"]
[Result "1/2-1/2"]
[WhiteTitle "GM"]
[BlackTitle "GM"]
[WhiteElo "2434"]
[BlackElo "2560"]
[WhiteFideId "400980"]
[BlackFideId "400084"]
[EventDate "2010.12.08"]

1. Nf3 Nf6 2. c4 g6 3. Nc3 Bg7 4. d4 O-O 5. e4 d6 6. Be2 e5 7. O-O Nbd7 8. Qc2
c6 9. Rd1 Qe7 10. Rb1 exd4 11. Nxd4 Nc5 12. f3 a5 13. Bg5 h6 14. Bh4 Qc7 15. Qd2
a4 16. Bf2 Ne8 17. b4 axb3 18. axb3 Ne6 19. b4 Nxd4 20. Bxd4 f5 21. Ra1 Rxa1 22.
Rxa1 Nf6 23. exf5 Bxf5 24. Bd3 Bxd3 25. Qxd3 Qf7 26. Rd1 Nh5 27. Bxg7 Qxg7 28.
Qd4 Rd8 29. Ne4 d5 30. cxd5 Rxd5 31. Qxg7+ Kxg7 32. Rxd5 cxd5 33. Nd6 Kf6 34.
Nxb7 Ke5 35. b5 Nf6 36. Nc5 Kd6 37. Nb3 Kc7 38. Kf2 Kb6 39. Nd4 Kc5 40. Ke3 Nd7
41. Ne6+ Kc4 42. g4 g5 43. Nd4 Kc3 44. Ne2+ Kc4 45. f4 Kxb5 46. Kd4 Kc6 47. fxg5
hxg5 48. Ng1 Nf6 49. h3 Kd6 50. Nf3 Ne4 51. h4 1/2-1/2

[Event "London Chess Classic FIDE Open"]
[Site "London ENG"]
[Date "2010.12.14"]
[Round "8"]
[White "McDonald, Neil"]
[Black "Grover, Sahaj"]
[Result "1-0"]
[WhiteTitle "GM"]
[BlackTitle "IM"]
[WhiteElo "2449"]
[BlackElo "2432"]
[WhiteFideId "400629"]
[BlackFideId "5021103"]
[EventDate "2010.12.08"]

1. e4 e6 2. d4 d5 3. Nd2 Nf6 4. e5 Nfd7 5. Ngf3 c5 6. c3 Nc6 7. Bd3 g6 8. h4 h6
9. O-O g5 10. c4 g4 11. cxd5 gxf3 12. dxc6 fxg2 13. cxd7+ Bxd7 14. Kxg2 Qxh4 15.
Kf3 Bc6+ 16. Ke2 O-O-O 17. Nb3 cxd4 18. Kd2 Bg2 19. Kc2 Bxf1 20. Qxf1 Qh2 21.
Bd2 Qxe5 22. Re1 Qd6 23. Ba5 b6 24. Bd2 h5 25. Kb1 Bh6 26. f4 Kb8 27. Qf3 h4 28.
Be4 Bg7 29. f5 Bh6 30. Bxh6 Rxh6 31. Nxd4 Qg3 32. Nc6+ Kc7 33. Qxg3+ hxg3 34.
Nxd8 Kxd8 35. Rg1 Rh4 36. Bd3 Rg4 37. fxe6 fxe6 38. Be2 Rg5 39. Kc2 Ke7 40. Kd3 1-0